000 01077cam a22003377a 4500
003 CHAP
005 20220329142609.0
008 010926s1998 us r 00010 eng d
010 _a85464
011 _a86436
020 _a012384245X
035 _a96974
040 _cCHAP
082 0 4 _a551.9
_bJ4
100 0 0 _aJenne, Everett A.
_961336
245 1 0 _aAdsorption of metals by geomedia :
_bvariables, mechanisms, and model applications
_c/ed. by Everett A. Jenne
260 _aSan Diego :
_bAcademic Press,
_c1998
300 _a583 p.
590 _aBATCH-UPD
_b10
_c20130110
_lUCH01
_h0331
590 _aBATCH-UPD
_b10
_c20130410
_lUCH01
_h0004
590 _aBATCH-UPD
_b10
_c20130410
_lUCH01
_h1520
590 _aBATCH-UPD
_b10
_c20130914
_lUCH01
_h1540
590 _aCONVERSION
_b10
_c20130109
_lUCH01
_h1347
650 1 4 _aGeoquímica.
_947667
650 1 4 _aMetales.
_975163
650 1 4 _aSuelos
_xAdsorción.
_9110194
901 _aBK
905 _aAlejandra Carrasco M.
942 _cLIBRO
949 _a551.9 J4
_bBC
_cLIBRO
_d33724000862553
_eLIBRO
_h102235
_i96974
_kI.212423
_si
999 _c85464
_d85464